Oldest Cities in Russia - Statistics

General Stats
  • This quiz has been taken 28 times
  • The average score is 4 of 10
Answer Stats
Year Hint City % Correct
1147 M Moscow
100%
859 CE N Novgorod
64%
1010 Y Yaroslavl
60%
990 CE V Vladimir
52%
863 CE S Smolensk
44%
438 CE D Derbent
32%
1152 K Kostroma
16%
1200s A Azov
8%
1177 K Kolomna
8%
1146 Y Yelets
8%
No matching quizzes found
Score Distribution
Percent of People with Each Score
Percentile by Number Answered
Your Score History
You have not taken this quiz